De la monarquía

Guardat en:
Dades bibliogràfiques
Autor principal: Alighieri, Dante (autor)
Format: Llibre
Idioma:espanyol
Publicat: Buenos Aires Losada 1966
Col·lecció:Biblioteca Clasica y Contemporanea, 35
Matèries:
Etiquetes: Afegir etiqueta
Sense etiquetes, Sigues el primer a etiquetar aquest registre!

MARC

LEADER 00000nam a2200000 a 4500
001 UCQ0077
003 CL-VaPUC
008 980619e19660000AG |||||||||||||||||spa|d
082 0 4 |a 320.01  |b ALI  |2 21 
100 |a Alighieri, Dante  |e autor  |9 396 
245 1 0 |a De la monarquía 
300 |a 149 p 
942 |c BK 
945 |d 19980619 00:00:00  |a mvenant 
260 |a Buenos Aires  |b Losada  |c 1966 
650 0 |a Monarquía   |9 255259 
650 7 |a FILOSOFIA POLITICA  |2 CL-VaPUC  |9 413079 
650 0 |a Formas de gobierno  |9 255257 
583 |a last modification  |c 20121001 12:48:52  |k Rodrigo Vera 
490 0 |a Biblioteca Clasica y Contemporanea, 35 
999 |c 271238  |d 271236 
952 |0 0  |1 0  |2 ddc  |4 0  |6 320_010000000000000_ALI_1966  |7 0  |8 A  |9 305833  |a BIBARQ  |b BIBARQ  |c PAC  |d 2019-11-20  |i 3437167  |o 320.01 ALI 1966  |p 3437167  |r 2025-01-20  |w 2019-11-20  |y BK  |k ARQ